[Event "Pavlodar op"]
[Site "Pavlodar"]
[Date "2014.12.01"]
[Round "1"]
[White "Akhmedinov, Satbek"]
[Black "Nukin, Ashat"]
[Result "0-1"]
[WhiteElo "1801"]
[BlackElo "2359"]
[PlyCount "52"]
[EventDate "2014.12.01"]
[EventType "swiss"]
[EventRounds "9"]
[EventCountry "KAZ"]
[SourceTitle "EXT 2016"]
[Source "ChessBase"]
[SourceDate "2015.10.08"]
[SourceVersion "1"]
[SourceVersionDate "2015.10.08"]
[SourceQuality "1"]

1. e4 e5 2. Nf3 Nc6 3. d4 exd4 4. Nxd4 Bc5 5. Nxc6 Qf6 6. Qf3 dxc6 7. Bc4 Ne7 8. Nc3 Be6 9. Bxe6 Qxe6 10. Be3 Bb4 11. Bd2 0-0-0 12. Qe3 Kb8 13. 0-0 Ba5 14. Rad1 Ng6 15. b3 Rhe8 16. Rfe1 Qf6 17. Na4 Bxd2 18. Rxd2 Rxd2 19. Qxd2 Rd8 20. Qe2 Qd4 21. g3 Ne5 22. c4 Nd3 23. Rf1 b5 24. cxb5 cxb5 25. Nc5 Qxc5 26. Rd1 Qd4 0-1

[Event "Izmailov Memorial op 17th"]
[Site "Tomsk"]
[Date "2013.06.19"]
[Round "9"]
[White "Nukin, Ashat"]
[Black "Tugarin, Anton"]
[Result "1-0"]
[WhiteElo "2361"]
[BlackElo "2178"]
[PlyCount "119"]
[EventDate "2013.06.11"]
[EventType "swiss"]
[EventRounds "9"]
[EventCountry "RUS"]
[SourceTitle "EXT 2014"]
[Source "ChessBase"]
[SourceDate "2013.11.20"]
[SourceVersion "1"]
[SourceVersionDate "2013.11.20"]
[SourceQuality "1"]

1. e4 e6 2. d4 d5 3. Nc3 Bb4 4. e5 Ne7 5. a3 Bxc3+ 6. bxc3 c5 7. h4 Qc7 8. h5 h6 9. Nf3 b6 10. Bb5+ Bd7 11. Bd3 Ba4 12. Rh4 cxd4 13. Kf1 Qxc3 14. Rb1 Nbc6 15. Bb2 Qa5 16. Bxd4 Nf5 17. Bxf5 exf5 18. Qd3 Nxd4 19. Nxd4 Bd7 20. Nxf5 Bxf5 21. Qxf5 Qa6+ 22. Kg1 Qc8 23. Qd3 Qc6 24. Rb5 Rd8 25. Rd4 0-0 26. Rbxd5 Rxd5 27. Rxd5 Qe6 28. Qd4 Qe7 29. a4 Rc8 30. Rd7 Qc5 31. Qe4 Re8 32. Rxa7 Qxe5 33. Qxe5 Rxe5 34. Ra8+ Kh7 35. Ra6 Rxh5 36. Rxb6 Rc5 37. Rb2 h5 38. Ra2 Ra5 39. Kf1 g5 40. Ke2 h4 41. f3 f5 42. c4 Kg6 43. Kd3 Kf6 44. Kc3 Ke6 45. Kb4 Ra8 46. c5 g4 47. a5 Kd7 48. Rd2+ Kc7 49. Re2 Rh8 50. Kb5 h3 51. gxh3 gxh3 52. Rh2 f4 53. a6 Rh6 54. a7 Kb7 55. Ra2 Ka8 56. c6 Rh8 57. c7 Rc8 58. Kc6 Rh8 59. Rd2 Rh6+ 60. Rd6 1-0

[Event "Izmailov Memorial op 17th"]
[Site "Tomsk"]
[Date "2013.06.12"]
[Round "2"]
[White "Kardashevskiy, Evgeny"]
[Black "Nukin, Ashat"]
[Result "0-1"]
[WhiteElo "2155"]
[BlackElo "2361"]
[PlyCount "50"]
[EventDate "2013.06.11"]
[EventType "swiss"]
[EventRounds "9"]
[EventCountry "RUS"]
[SourceTitle "CBM 154 Extra"]
[Source "ChessBase"]
[SourceDate "2013.06.25"]
[SourceVersion "2"]
[SourceVersionDate "2013.06.25"]
[SourceQuality "1"]

1. d4 Nf6 2. Nf3 e6 3. g3 d5 4. Bg2 b5 5. 0-0 Nbd7 6. Nbd2 c5 7. e4 dxe4 8. Ng5 Bb7 9. Ndxe4 Nxe4 10. Nxe4 Qc8 11. Re1 cxd4 12. Qxd4 e5 13. Bf4 f6 14. Bh3 Qc6 15. Rad1 0-0-0 16. Bxe5 fxe5 17. Qxe5 Bb4 18. c3 Rhe8 19. Qd4 Rxe4 20. Rxe4 Qxe4 21. Bxd7+ Kc7 22. Qxe4 Bxe4 23. Rd4 Bc6 24. Rxb4 Rxd7 25. Rf4 Rd2 0-1

[Event "Izmailov Memorial op 16th"]
[Site "Tomsk"]
[Date "2012.08.11"]
[Round "6"]
[White "Arishin, Sergei"]
[Black "Nukin, Ashat"]
[Result "0-1"]
[WhiteElo "2183"]
[BlackElo "2352"]
[PlyCount "50"]
[EventDate "2012.08.06"]
[EventType "swiss"]
[EventRounds "9"]
[EventCountry "RUS"]
[SourceTitle "CBM 149 Extra"]
[Source "ChessBase"]
[SourceDate "2012.08.24"]
[SourceVersion "1"]
[SourceVersionDate "2012.08.24"]
[SourceQuality "1"]

1. d4 Nf6 2. c4 e6 3. Nc3 Bb4 4. Nf3 c5 5. e3 0-0 6. Bd3 d5 7. 0-0 Nc6 8. a3 Bxc3 9. bxc3 dxc4 10. Bxc4 Qc7 11. Bb2 e5 12. h3 Bf5 13. Qe2 Rad8 14. Ba2 e4 15. Nd2 Bg6 16. Nb3 cxd4 17. cxd4 Rd5 18. Rac1 Bh5 19. Qd2 Rg5 20. Rc5 Rxg2+ 21. Kxg2 Bf3+ 22. Kg1 Qd7 23. Kh2 Ng4+ 24. Kg1 Qd6 25. hxg4 Qg6 0-1

[Event "KAZ-ch qual"]
[Site "Astana"]
[Date "2012.02.29"]
[Round "9"]
[White "Kostenko, Petr"]
[Black "Nukin, Ashat"]
[Result "1-0"]
[WhiteElo "2482"]
[BlackElo "2352"]
[PlyCount "81"]
[EventDate "2012.02.21"]
[EventType "swiss"]
[EventRounds "9"]
[EventCountry "KAZ"]
[SourceTitle "EXT 2014"]
[Source "ChessBase"]
[SourceDate "2013.11.20"]
[SourceVersion "1"]
[SourceVersionDate "2013.11.20"]
[SourceQuality "1"]

1. c4 e5 2. g3 Nf6 3. Bg2 d5 4. cxd5 Nxd5 5. Nf3 Nc6 6. 0-0 Nb6 7. d3 Be7 8. Nbd2 0-0 9. a3 a5 10. b3 Be6 11. Bb2 f6 12. Qc2 Qd7 13. Rfd1 Rfd8 14. Nc4 a4 15. b4 Bf8 16. Rac1 Qf7 17. Nfd2 Nd5 18. Re1 Nd4 19. Bxd4 exd4 20. Nf3 Qd7 21. Qb2 Ne7 22. Ncd2 Nc6 23. Nh4 Bd5 24. Bxd5+ Qxd5 25. Nhf3 Rd7 26. Rc4 b5 27. Rcc1 f5 28. Rxc6 Qxc6 29. Ne5 Qd5 30. Nxd7 Qxd7 31. Nf3 c5 32. bxc5 Bxc5 33. Rc1 Bf8 34. Rb1 b4 35. axb4 a3 36. Qa2+ Qf7 37. Rb3 Bxb4 38. Nxd4 f4 39. gxf4 Qg6+ 40. Kf1 Kh8 41. Nf3 1-0

[Event "KAZ-ch qual"]
[Site "Astana"]
[Date "2012.02.25"]
[Round "5"]
[White "Kazakov, Konstantin"]
[Black "Nukin, Ashat"]
[Result "1/2-1/2"]
[WhiteElo "2302"]
[BlackElo "2352"]
[PlyCount "52"]
[EventDate "2012.02.21"]
[EventType "swiss"]
[EventRounds "9"]
[EventCountry "KAZ"]
[SourceTitle "EXT 2014"]
[Source "ChessBase"]
[SourceDate "2013.11.20"]
[SourceVersion "1"]
[SourceVersionDate "2013.11.20"]
[SourceQuality "1"]

1. e4 e5 2. Nf3 Nc6 3. Bb5 a6 4. Ba4 Nf6 5. 0-0 Be7 6. Re1 b5 7. Bb3 d6 8. c3 0-0 9. d4 Bg4 10. d5 Na5 11. Bc2 c6 12. dxc6 Qc7 13. h3 Be6 14. Nbd2 Qxc6 15. Nf1 Nc4 16. Ng3 Rfe8 17. a4 Bf8 18. Ng5 Bd7 19. b3 Na5 20. Bd2 h6 21. Nf3 Qc7 22. axb5 axb5 23. Nh2 Nc6 24. Rc1 g6 25. b4 Be6 26. Qf3 Bg7 1/2-1/2

[Event "Izhevsk Corporation Cup-A 3rd"]
[Site "Izhevsk"]
[Date "2011.07.18"]
[Round "4"]
[White "Harutjunyan, Gevorg"]
[Black "Nukin, Ashat"]
[Result "1-0"]
[WhiteElo "2464"]
[BlackElo "2338"]
[PlyCount "101"]
[EventDate "2011.07.15"]
[EventType "swiss"]
[EventRounds "9"]
[EventCountry "RUS"]
[SourceTitle "CBM 143 Extra"]
[Source "ChessBase"]
[SourceDate "2011.08.29"]
[SourceVersion "1"]
[SourceVersionDate "2011.08.29"]
[SourceQuality "1"]

1. Nf3 d5 2. g3 Nf6 3. Bg2 c6 4. d3 Bf5 5. Nbd2 e6 6. 0-0 h6 7. b3 Be7 8. Bb2 0-0 9. Qe1 Bh7 10. e4 a5 11. a3 c5 12. Ne5 a4 13. f4 Nc6 14. Nxc6 bxc6 15. Kh1 Qb6 16. Rb1 Qb5 17. c4 Qa6 18. f5 d4 19. fxe6 fxe6 20. Bh3 e5 21. Nf3 Bd6 22. b4 cxb4 23. axb4 a3 24. Ba1 Rab8 25. c5 Qxd3 26. Be6+ Kh8 27. Rb3 Qxe4 28. cxd6 Nd5 29. Qxe4 Bxe4 30. Kg1 Bxf3 31. Rbxf3 Rxf3 32. Rxf3 a2 33. d7 Nxb4 34. Rf7 Nd5 35. Bxd5 cxd5 36. Re7 Kh7 37. Re8 Rb1+ 38. Kg2 Rxa1 39. d8Q Rg1+ 40. Kxg1 a1Q+ 41. Kg2 Qb2+ 42. Kh3 Qe2 43. Rh8+ Kg6 44. Qe8+ Kg5 45. Qe7+ Kg6 46. Qe6+ Kg5 47. Rf8 Qh5+ 48. Kg2 Qe2+ 49. Rf2 Qe4+ 50. Kh3 h5 51. Rf7 1-0

[Event "Izhevsk Corporation Cup-A 3rd"]
[Site "Izhevsk"]
[Date "2011.07.17"]
[Round "3"]
[White "Nukin, Ashat"]
[Black "Bezgodov, Alexei"]
[Result "1/2-1/2"]
[WhiteElo "2338"]
[BlackElo "2503"]
[PlyCount "68"]
[EventDate "2011.07.15"]
[EventType "swiss"]
[EventRounds "9"]
[EventCountry "RUS"]
[SourceTitle "CBM 143 Extra"]
[Source "ChessBase"]
[SourceDate "2011.08.29"]
[SourceVersion "1"]
[SourceVersionDate "2011.08.29"]
[SourceQuality "1"]

1. e4 e5 2. Nf3 Nc6 3. Bb5 a6 4. Ba4 Nf6 5. 0-0 Nxe4 6. d4 b5 7. Bb3 d5 8. dxe5 Be6 9. Nbd2 Bc5 10. c3 0-0 11. Bc2 Nxf2 12. Rxf2 f6 13. exf6 Bxf2+ 14. Kxf2 Qxf6 15. Nf1 Ne5 16. Be3 Rae8 17. Bd4 Qh4+ 18. Kg1 Nxf3+ 19. gxf3 Bh3 20. Ng3 Qg5 21. a4 g6 22. axb5 axb5 23. Bd3 c6 24. Bf1 Bxf1 25. Kxf1 Ra8 26. Rxa8 Rxa8 27. Nh1 Qf4 28. Qe2 Kf7 29. Kg2 Re8 30. Qd1 Qg5+ 31. Kf1 Qh4 32. Kg2 Qg5+ 33. Kf1 Qh4 34. Kg2 Qg5+ 1/2-1/2

[Event "Pavlodar op"]
[Site "Pavlodar"]
[Date "2010.12.02"]
[Round "3"]
[White "Nukin, Ashat"]
[Black "Kabanov, Nikolai"]
[Result "0-1"]
[WhiteElo "2338"]
[BlackElo "2500"]
[PlyCount "56"]
[EventDate "2010.11.30"]
[EventType "swiss"]
[EventRounds "10"]
[EventCountry "KAZ"]
[SourceTitle "EXT 2012"]
[Source "ChessBase"]
[SourceDate "2011.11.24"]
[SourceVersion "1"]
[SourceVersionDate "2011.11.24"]
[SourceQuality "1"]

1. e4 e5 2. Nf3 Nc6 3. Bb5 Nf6 4. 0-0 Nxe4 5. d4 Nd6 6. dxe5 Nxb5 7. a4 Nbd4 8. Nxd4 d5 9. exd6 Nxd4 10. Qxd4 Qxd6 11. Qe4+ Qe6 12. Qd4 Qf5 13. Nc3 c6 14. Bf4 Be6 15. Rfe1 Rd8 16. Qe3 Be7 17. Be5 0-0 18. Qxa7 Rd2 19. Ne4 Rxc2 20. Qxb7 Bc5 21. Bg3 Bd4 22. Rad1 c5 23. Nd6 Bxf2+ 24. Kh1 Qg4 25. Bxf2 Rxf2 26. a5 Bb3 27. Rc1 Qg5 28. Rg1 Bd5 0-1

[Event "Pavlodar op"]
[Site "Pavlodar"]
[Date "2010.12.01"]
[Round "2"]
[White "Nukin, Ashat"]
[Black "Uteshev, Arsen"]
[Result "1-0"]
[WhiteElo "2338"]
[BlackElo "2113"]
[PlyCount "51"]
[EventDate "2010.11.30"]
[EventType "swiss"]
[EventRounds "10"]
[EventCountry "KAZ"]
[SourceTitle "EXT 2012"]
[Source "ChessBase"]
[SourceDate "2011.11.24"]
[SourceVersion "1"]
[SourceVersionDate "2011.11.24"]
[SourceQuality "1"]

1. e4 c5 2. Nf3 d6 3. d4 cxd4 4. Nxd4 Nf6 5. Nc3 a6 6. Bc4 e6 7. Bb3 b5 8. Bg5 Be7 9. Qf3 Qb6 10. 0-0-0 Bd7 11. Rhe1 Nc6 12. Nxc6 Bxc6 13. Bxf6 Bxf6 14. Rxd6 0-0 15. Bd5 exd5 16. exd5 Bg5+ 17. Kb1 Rfe8 18. Rd1 Rac8 19. Rxc6 Rxc6 20. dxc6 b4 21. Nd5 Qc5 22. Qf5 Be7 23. c7 Bd6 24. Nf6+ gxf6 25. Qxc5 Bxc5 26. Rd8 1-0

[Event "Pavlodar op"]
[Site "Pavlodar"]
[Date "2010.11.30"]
[Round "1"]
[White "Mezentsev, Ivan"]
[Black "Nukin, Ashat"]
[Result "0-1"]
[WhiteElo "1745"]
[BlackElo "2338"]
[PlyCount "108"]
[EventDate "2010.11.30"]
[EventType "swiss"]
[EventRounds "10"]
[EventCountry "KAZ"]
[SourceTitle "EXT 2012"]
[Source "ChessBase"]
[SourceDate "2011.11.24"]
[SourceVersion "1"]
[SourceVersionDate "2011.11.24"]
[SourceQuality "1"]

1. e4 e5 2. Bc4 Nf6 3. d3 Nc6 4. Nf3 h6 5. Nbd2 d6 6. c3 g6 7. 0-0 Bg7 8. Re1 0-0 9. Nf1 Kh8 10. Ne3 Nh5 11. d4 Nf4 12. dxe5 dxe5 13. Nd5 Ne6 14. Qc2 f5 15. b4 f4 16. Ba3 Rf7 17. Rad1 Qe8 18. Qe2 g5 19. h3 Ncd8 20. b5 Rd7 21. Nh2 c6 22. Nb4 Nc7 23. bxc6 bxc6 24. Nc2 Nf7 25. Na1 Rb8 26. Nb3 Nb5 27. Bb4 Rxd1 28. Rxd1 Be6 29. a4 Nd4 30. cxd4 Rxb4 31. d5 cxd5 32. exd5 Bf5 33. Bb5 Qd8 34. Nc5 Qb6 35. Na6 Rd4 36. Rc1 Rxd5 37. Nb4 Rd6 38. Ng4 e4 39. Qa2 Nd8 40. Nh2 e3 41. Nf1 exf2+ 42. Kh1 Qd4 43. Nc6 Nxc6 44. Bxc6 Qb2 45. Qc4 Bd3 46. Qc5 Qd4 47. Qa5 Bxf1 48. Bb7 Bc4 49. Ba6 Qd1+ 50. Rxd1 Rxd1+ 51. Kh2 f1N+ 52. Kg1 Bd4+ 53. Kh1 Ng3+ 54. Kh2 Rh1# 0-1

[Event "Ulan-Ude Sangha"]
[Site "Ulan-Ude"]
[Date "2010.06.10"]
[Round "7"]
[White "Battulga, Namkhai"]
[Black "Nukin, Ashat"]
[Result "1/2-1/2"]
[WhiteElo "2395"]
[BlackElo "2326"]
[PlyCount "123"]
[EventDate "2010.06.04"]
[EventType "tourn"]
[EventRounds "9"]
[EventCountry "RUS"]
[EventCategory "9"]
[SourceTitle "EXT 2011"]
[Source "ChessBase"]
[SourceDate "2010.11.26"]
[SourceVersion "1"]
[SourceVersionDate "2010.11.26"]
[SourceQuality "1"]

1. e4 e5 2. Nf3 Nc6 3. Bb5 a6 4. Ba4 Nf6 5. d3 b5 6. Bb3 Be7 7. 0-0 0-0 8. Re1 d6 9. c3 Na5 10. Bc2 c5 11. Nbd2 Nc6 12. Nf1 Re8 13. a4 Bd7 14. Ng3 h6 15. h3 Bf8 16. d4 cxd4 17. cxd4 exd4 18. axb5 axb5 19. Rxa8 Qxa8 20. Nxd4 Nxd4 21. Qxd4 Qc6 22. Bd3 Qc5 23. Be3 Qxd4 24. Bxd4 Nd5 25. Rc1 Nf4 26. Bf1 Ne6 27. Bc3 g6 28. Rd1 Nc5 29. f3 Na4 30. Bd4 Rc8 31. Rd2 b4 32. Ba6 Rc1+ 33. Kf2 Bg7 34. b3 Nc5 35. Bxg7 Kxg7 36. Bc4 Rb1 37. Rxd6 Be6 38. Bxe6 Nxe6 39. Nf1 Rxb3 40. Nd2 Rc3 41. Rb6 Nf4 42. g3 Nd3+ 43. Ke2 Nc1+ 44. Kd1 Nb3 45. Nxb3 Rxb3 46. Ke2 Rb1 47. Ke3 g5 48. h4 b3 49. hxg5 hxg5 50. Kf2 b2 51. Kg2 Kf8 52. Rb7 Ke8 53. Rb3 Kd7 54. Rb6 Kc7 55. Rb3 Kc6 56. Rb4 Kc5 57. Rb8 Kd4 58. Rb7 Kc3 59. Rc7+ Kd2 60. Rb7 Ke3 61. Rb3+ Ke2 62. Rb8 1/2-1/2

[Event "Ulan-Ude Sangha"]
[Site "Ulan-Ude"]
[Date "2010.06.09"]
[Round "6"]
[White "Nukin, Ashat"]
[Black "Kotsur, Pavel"]
[Result "1/2-1/2"]
[WhiteElo "2326"]
[BlackElo "2569"]
[PlyCount "95"]
[EventDate "2010.06.04"]
[EventType "tourn"]
[EventRounds "9"]
[EventCountry "RUS"]
[EventCategory "9"]
[SourceTitle "EXT 2011"]
[Source "ChessBase"]
[SourceDate "2010.11.26"]
[SourceVersion "1"]
[SourceVersionDate "2010.11.26"]
[SourceQuality "1"]

1. e4 e6 2. d4 d5 3. Nc3 Nf6 4. Bg5 dxe4 5. Nxe4 Nbd7 6. Nf3 h6 7. Nxf6+ Nxf6 8. Be3 Nd5 9. Qd2 a6 10. Bd3 c5 11. 0-0-0 Qc7 12. c4 Nxe3 13. fxe3 Bd6 14. Bc2 Bd7 15. dxc5 Bxc5 16. Ne5 Bc6 17. Nxc6 Qxc6 18. Rhf1 Be7 19. Qd3 Rd8 20. Qe4 Rc8 21. Qxc6+ Rxc6 22. b3 Bc5 23. Kd2 Ke7 24. Ke2 Rc7 25. g4 Bd6 26. h3 Be5 27. Be4 a5 28. a4 b6 29. Rf2 g6 30. Rff1 Re8 31. Rg1 Rd8 32. Rxd8 Kxd8 33. h4 Ke7 34. h5 g5 35. Rd1 Rc5 36. Kf3 Bd6 37. Rd2 f5 38. Bc2 fxg4+ 39. Kxg4 Re5 40. Re2 Bc5 41. Kf3 Bd6 42. Kg4 Kd7 43. Bg6 Kc6 44. e4 Rc5 45. Be8+ Kc7 46. Rd2 Re5 47. Bg6 Rc5 48. Be8 1/2-1/2

[Event "Chigorin Memorial 17th"]
[Site "St Petersburg"]
[Date "2009.10.17"]
[Round "2"]
[White "Nukin, Ashat"]
[Black "Zontakh, Andrey"]
[Result "1-0"]
[WhiteElo "2353"]
[BlackElo "2540"]
[PlyCount "53"]
[EventDate "2009.10.16"]
[EventType "swiss"]
[EventRounds "9"]
[EventCountry "RUS"]
[SourceTitle "CBM 132 Extra"]
[Source "ChessBase"]
[SourceDate "2009.11.03"]
[SourceVersion "1"]
[SourceVersionDate "2009.11.03"]
[SourceQuality "1"]

1. e4 c6 2. d3 e5 3. Nf3 Nf6 4. g3 g6 5. Bg2 Bg7 6. 0-0 d6 7. b3 0-0 8. Bb2 c5 9. Nbd2 Nc6 10. c3 d5 11. exd5 Nxd5 12. Re1 Re8 13. Qc2 Bf5 14. Ne4 b6 15. Nfd2 Be6 16. Nc4 Bf8 17. Rad1 f5 18. Ned2 Bg7 19. Nf3 Bf7 20. Qc1 h6 21. d4 e4 22. Nfe5 Nxe5 23. dxe5 Qe7 24. f3 Red8 25. fxe4 fxe4 26. Bxe4 Rab8 27. e6 1-0

[Event "Saratov-A"]
[Site "Saratov"]
[Date "2009.08.18"]
[Round "13"]
[White "Nukin, Ashat"]
[Black "Sharafiev, Azat"]
[Result "0-1"]
[WhiteElo "2343"]
[BlackElo "2425"]
[PlyCount "56"]
[EventDate "2009.08.10"]
[EventType "tourn"]
[EventRounds "13"]
[EventCountry "RUS"]
[EventCategory "4"]
[SourceTitle "CBM 132 Extra"]
[Source "ChessBase"]
[SourceDate "2009.11.03"]
[SourceVersion "1"]
[SourceVersionDate "2009.11.03"]
[SourceQuality "1"]

1. e4 c5 2. Nf3 d6 3. d4 cxd4 4. Nxd4 Nf6 5. Nc3 Nc6 6. Bc4 e6 7. 0-0 Be7 8. Bb3 0-0 9. Be3 Nxd4 10. Bxd4 b5 11. Nxb5 Nxe4 12. Nxa7 Bd7 13. Qe2 d5 14. Nb5 Nc5 15. Nc3 Bd6 16. Be5 Nxb3 17. Bxd6 Nxa1 18. Bxf8 Qxf8 19. Rxa1 Qb4 20. Nd1 Bb5 21. Qe5 h6 22. c3 Qc4 23. Ne3 Qe2 24. c4 Rxa2 25. Rc1 Bxc4 26. Nxc4 Qxc4 27. Qe3 Qb5 28. h3 Qxb2 0-1

[Event "Saratov-A"]
[Site "Saratov"]
[Date "2009.08.11"]
[Round "3"]
[White "Nukin, Ashat"]
[Black "Matinian, Nikita"]
[Result "1/2-1/2"]
[WhiteElo "2343"]
[BlackElo "2347"]
[PlyCount "68"]
[EventDate "2009.08.10"]
[EventType "tourn"]
[EventRounds "13"]
[EventCountry "RUS"]
[EventCategory "4"]
[SourceTitle "CBM 132 Extra"]
[Source "ChessBase"]
[SourceDate "2009.11.03"]
[SourceVersion "1"]
[SourceVersionDate "2009.11.03"]
[SourceQuality "1"]

1. e4 c5 2. Nf3 d6 3. d4 cxd4 4. Nxd4 Nf6 5. Nc3 g6 6. Be2 Bg7 7. 0-0 0-0 8. Bg5 Nc6 9. Nb3 a5 10. a4 Be6 11. Kh1 Rc8 12. f4 Nb4 13. f5 Bc4 14. Bxc4 Rxc4 15. Qe2 Rc8 16. Rae1 Qc7 17. Rf3 b6 18. Rh3 Rfe8 19. Nc1 Qc4 20. Nd3 Na2 21. Bxf6 Bxf6 22. Nd5 Qxc2 23. Qg4 g5 24. Qh5 Nb4 25. N3xb4 axb4 26. Qxh7+ Kf8 27. Qh6+ Bg7 28. Qxg5 Qxb2 29. e5 f6 30. Qg3 Rc1 31. Nc7 Rc8 32. exd6 Rxe1+ 33. Qxe1 exd6 34. Re3 Kg8 1/2-1/2

[Event "Voronezh op-A 13th"]
[Site "Voronezh"]
[Date "2009.06.20"]
[Round "9"]
[White "Nukin, Ashat"]
[Black "Rodin, Dmitrij"]
[Result "1-0"]
[WhiteElo "2343"]
[BlackElo "2428"]
[PlyCount "65"]
[EventDate "2009.06.12"]
[EventType "swiss"]
[EventRounds "9"]
[EventCountry "RUS"]
[SourceTitle "CBM 130 Extra"]
[Source "ChessBase"]
[SourceDate "2009.07.02"]
[SourceVersion "2"]
[SourceVersionDate "2009.07.15"]
[SourceQuality "1"]

1. e4 e5 2. Nf3 Nc6 3. Bb5 a6 4. Ba4 Nf6 5. 0-0 Be7 6. Re1 d6 7. c3 Bg4 8. h3 Bh5 9. d3 Qd7 10. Nbd2 g5 11. Nf1 g4 12. hxg4 Bxg4 13. Ne3 Rg8 14. d4 b5 15. Bb3 exd4 16. Nxg4 Qxg4 17. Ng5 Rxg5 18. Bxg5 Qxg5 19. cxd4 Rd8 20. Rc1 Na5 21. Rxc7 Nxb3 22. axb3 Ng4 23. Qf3 Kf8 24. Ra1 h5 25. Rxa6 Qd2 26. g3 Qxd4 27. Raa7 Re8 28. Rab7 b4 29. Rb5 Ne5 30. Qxh5 Kg8 31. Rxe7 Rxe7 32. Rb8+ Kg7 33. Qh8+ 1-0

[Event "Voronezh op-A 13th"]
[Site "Voronezh"]
[Date "2009.06.19"]
[Round "8"]
[White "Nukin, Ashat"]
[Black "Semenova, Irina"]
[Result "1-0"]
[WhiteElo "2343"]
[BlackElo "2263"]
[PlyCount "91"]
[EventDate "2009.06.12"]
[EventType "swiss"]
[EventRounds "9"]
[EventCountry "RUS"]
[SourceTitle "CBM 130 Extra"]
[Source "ChessBase"]
[SourceDate "2009.07.02"]
[SourceVersion "2"]
[SourceVersionDate "2009.07.15"]
[SourceQuality "1"]

1. e4 e5 2. Nf3 Nc6 3. Bb5 a6 4. Ba4 d6 5. c3 g6 6. d4 Bd7 7. 0-0 Bg7 8. Re1 Nge7 9. Be3 0-0 10. Nbd2 Qe8 11. Bb3 Rd8 12. dxe5 dxe5 13. Qe2 Bg4 14. h3 Bc8 15. Rad1 h6 16. Bc5 b6 17. Ba3 Na5 18. Bc2 Kh7 19. Nc4 Rxd1 20. Rxd1 Nac6 21. Ne3 Rg8 22. Qc4 Bf8 23. Nd5 Nxd5 24. exd5 Bxa3 25. bxa3 Nb8 26. Qxc7 Nd7 27. Re1 f6 28. a4 Qd8 29. Qc6 Nb8 30. Qc4 Bb7 31. Rd1 Qd6 32. a5 b5 33. Qb4 Rd8 34. Bb3 Kg7 35. a3 Kf7 36. Nd2 f5 37. c4 Qxb4 38. axb4 bxc4 39. Nxc4 Kf6 40. Nb2 Nd7 41. Nd3 Nb8 42. Nc5 Bc8 43. d6 e4 44. Ba4 Be6 45. Nb7 Rc8 46. d7 1-0